[Event "AUT-ch Vor4 Internet"]
[Site "Playchess.com INT"]
[Date "2020.04.25"]
[Round "3"]
[White "Neubauer, Anton"]
[Black "Leitgeber, Christian"]
[Result "1-0"]
[WhiteElo "1879"]
[BlackElo "1904"]
[PlyCount "59"]
[EventDate "2020.04.25"]
[EventType "swiss (blitz)"]
[EventRounds "9"]
[EventCountry "AUT"]
[SourceTitle "EXT 2021"]
[Source "ChessBase"]
[SourceDate "2020.10.23"]
[SourceVersion "1"]
[SourceVersionDate "2020.10.23"]
[SourceQuality "1"]

1. e4 c5 2. Nf3 d6 3. c3 Nf6 4. Bd3 e5 5. Bc2 Nc6 6. Kf1 Be7 7. Kg1 0-0 8. d3 Bg4 9. h3 Bd7 10. Nbd2 Ne8 11. Nc4 f5 12. exf5 Bxf5 13. Ne3 Be6 14. d4 exd4 15. cxd4 d5 16. Qd3 Nf6 17. Ng5 Bd7 18. Nxh7 Nb4 19. Nxf6+ Rxf6 20. Qe2 cxd4 21. Ng4 Re6 22. Qd2 Nxc2 23. Qxc2 Re1+ 24. Kh2 Bd6+ 25. g3 Rxh1+ 26. Kxh1 Rc8 27. Qg6 Qe7 28. Bg5 Qf8 29. Nf6+ Kh8 30. Qh7# 1-0

[Event "AUT-ch Vor4 Internet"]
[Site "Playchess.com INT"]
[Date "2020.04.25"]
[Round "6"]
[White "Neubauer, Anton"]
[Black "Schwarz, Benedikt"]
[Result "1-0"]
[WhiteElo "1879"]
[BlackElo "1815"]
[PlyCount "71"]
[EventDate "2020.04.25"]
[EventType "swiss (blitz)"]
[EventRounds "9"]
[EventCountry "AUT"]
[SourceTitle "EXT 2021"]
[Source "ChessBase"]
[SourceDate "2020.10.23"]
[SourceVersion "1"]
[SourceVersionDate "2020.10.23"]
[SourceQuality "1"]

1. e4 e6 2. Nf3 d5 3. exd5 exd5 4. d4 Nf6 5. Bd3 Be7 6. 0-0 0-0 7. h3 Nc6 8. c3 Ne4 9. Nbd2 Bf5 10. c4 Nxd2 11. Qxd2 Bxd3 12. Qxd3 dxc4 13. Qxc4 Bf6 14. Be3 Re8 15. Rfd1 Ne7 16. Ne5 Nd5 17. Rab1 c6 18. b4 Bxe5 19. dxe5 Rxe5 20. b5 Qe8 21. bxc6 Nxe3 22. fxe3 bxc6 23. Rb7 Rxe3 24. Rf1 Re1 25. Rbxf7 Rxf1+ 26. Rxf1+ Kh8 27. Qc5 a5 28. a4 Rd8 29. Kh1 h6 30. Qxa5 Rd5 31. Qc7 c5 32. a5 Rd7 33. Qxc5 Kh7 34. a6 Qa8 35. Qf5+ Kh8 36. Qxd7 1-0

[Event "AUT-ch Vor3 Internet"]
[Site "Playchess.com INT"]
[Date "2020.04.17"]
[Round "3"]
[White "Neubauer, Anton"]
[Black "Lammer, Michael"]
[Result "0-1"]
[WhiteElo "1879"]
[BlackElo "1501"]
[PlyCount "54"]
[EventDate "2020.04.17"]
[EventType "swiss (blitz)"]
[EventRounds "9"]
[EventCountry "AUT"]
[SourceTitle "CBM 195 Extra"]
[Source "ChessBase"]
[SourceDate "2020.05.31"]
[SourceVersion "1"]
[SourceVersionDate "2020.05.31"]
[SourceQuality "1"]

1. e4 e5 2. Nf3 d6 3. Bc4 Bg4 4. h3 Bxf3 5. Qxf3 Nf6 6. d3 Nc6 7. a3 Nd4 8. Qd1 Qd7 9. c3 Ne6 10. 0-0 0-0-0 11. b4 h5 12. a4 h4 13. Be3 Nf4 14. Bxf4 exf4 15. Nd2 Kb8 16. Nf3 g5 17. Qb3 g4 18. Be6 fxe6 19. Nd4 e5 20. Nf5 gxh3 21. gxh3 d5 22. b5 Nxe4 23. dxe4 dxe4 24. Rad1 Bd6 25. Nxd6 Qxh3 26. Nxe4 f3 27. Ng3 Qg2# 0-1

[Event "AUT-ch Vor3 Internet"]
[Site "Playchess.com INT"]
[Date "2020.04.17"]
[Round "6"]
[White "Pilshofer, Paul"]
[Black "Neubauer, Anton"]
[Result "1-0"]
[WhiteElo "1715"]
[BlackElo "1879"]
[PlyCount "59"]
[EventDate "2020.04.17"]
[EventType "swiss (blitz)"]
[EventRounds "9"]
[EventCountry "AUT"]
[SourceTitle "CBM 195 Extra"]
[Source "ChessBase"]
[SourceDate "2020.05.31"]
[SourceVersion "1"]
[SourceVersionDate "2020.05.31"]
[SourceQuality "1"]

1. d4 d5 2. Nf3 e6 3. g3 Nf6 4. Bg2 c6 5. 0-0 Bd6 6. c4 0-0 7. b3 Nbd7 8. Bb2 b6 9. Nbd2 Bb7 10. Ne5 Rc8 11. e4 Qc7 12. Nxd7 Nxd7 13. Rc1 Qb8 14. e5 Be7 15. f4 Qa8 16. g4 c5 17. f5 cxd4 18. Bxd4 dxc4 19. Bxb7 Qxb7 20. Nxc4 Bc5 21. Bxc5 Nxc5 22. Nd6 Qa6 23. Nxc8 Rxc8 24. b4 Ne4 25. Rxc8+ Qxc8 26. Qd3 Nc3 27. fxe6 fxe6 28. Qf3 Nxa2 29. Qf7+ Kh8 30. Qf8+ 1-0

[Event "AUT-ch Vor2 Internet"]
[Site "Playchess.com INT"]
[Date "2020.04.13"]
[Round "8"]
[White "Maderner, Arnulf"]
[Black "Neubauer, Anton"]
[Result "1/2-1/2"]
[WhiteElo "1687"]
[BlackElo "1879"]
[PlyCount "66"]
[EventDate "2020.04.13"]
[EventType "swiss (blitz)"]
[EventRounds "9"]
[EventCountry "AUT"]
[SourceTitle "CBM 195 Extra"]
[Source "ChessBase"]
[SourceDate "2020.05.31"]
[SourceVersion "1"]
[SourceVersionDate "2020.05.31"]
[SourceQuality "1"]

1. e4 e6 2. d4 d5 3. Nc3 Nf6 4. exd5 Nxd5 5. Qd3 Bb4 6. Bd2 0-0 7. a3 Ba5 8. Nf3 Nc6 9. 0-0-0 Nxc3 10. Bxc3 Bxc3 11. Qxc3 Bd7 12. d5 exd5 13. Rxd5 Qc8 14. Bb5 Be6 15. Rd3 Ne7 16. Rhd1 c6 17. Ba4 b5 18. Bb3 Nd5 19. Bxd5 Bxd5 20. Ne5 Qe6 21. f3 b4 22. axb4 Rab8 23. Ng4 Qe7 24. Rd4 Rfc8 25. Qc5 Qg5+ 26. Kb1 h5 27. Nf2 a5 28. Qxa5 Ra8 29. Qc5 Ba2+ 30. Ka1 Bb3+ 31. Kb1 Ba2+ 32. Ka1 Bb3+ 33. Kb1 Ba2+ 1/2-1/2

[Event "AUT-ch Vor2 Internet"]
[Site "Playchess.com INT"]
[Date "2020.04.13"]
[Round "4"]
[White "Messner, Andreas"]
[Black "Neubauer, Anton"]
[Result "0-1"]
[WhiteElo "1856"]
[BlackElo "1879"]
[PlyCount "72"]
[EventDate "2020.04.13"]
[EventType "swiss (blitz)"]
[EventRounds "9"]
[EventCountry "AUT"]
[SourceTitle "CBM 195 Extra"]
[Source "ChessBase"]
[SourceDate "2020.05.31"]
[SourceVersion "1"]
[SourceVersionDate "2020.05.31"]
[SourceQuality "1"]

1. Nf3 d5 2. c4 dxc4 3. e3 e6 4. Bxc4 Nf6 5. 0-0 Bd6 6. h3 0-0 7. d4 a6 8. Nc3 b5 9. Bd3 Bb7 10. a3 Nbd7 11. Bd2 c5 12. dxc5 Nxc5 13. Be2 Qc7 14. b4 Nce4 15. Rc1 Qb6 16. Nd4 Rfd8 17. Nxe4 Bxe4 18. Qe1 Qb7 19. Bf3 Bxf3 20. Nxf3 Ne4 21. Bc3 Nxc3 22. Qxc3 Rac8 23. Qb2 h6 24. Rxc8 Rxc8 25. Rd1 Be7 26. Qd2 Rd8 27. Qc2 Rc8 28. Qb2 Rc4 29. Nd2 Bf6 30. Qb1 Rc3 31. Ne4 Rxa3 32. Nxf6+ gxf6 33. Rd8+ Kg7 34. Qb2 Qc7 35. Rd2 Rc3 36. Qb1 Rc1+ 0-1

[Event "AUT-ch Vor2 Internet"]
[Site "Playchess.com INT"]
[Date "2020.04.13"]
[Round "3"]
[White "Neubauer, Anton"]
[Black "Steininger, Barbara"]
[Result "1/2-1/2"]
[WhiteElo "1879"]
[BlackElo "1622"]
[PlyCount "60"]
[EventDate "2020.04.13"]
[EventType "swiss (blitz)"]
[EventRounds "9"]
[EventCountry "AUT"]
[SourceTitle "CBM 195 Extra"]
[Source "ChessBase"]
[SourceDate "2020.05.31"]
[SourceVersion "1"]
[SourceVersionDate "2020.05.31"]
[SourceQuality "1"]

1. e4 c5 2. Nf3 e6 3. c3 Nc6 4. d4 cxd4 5. cxd4 a6 6. a3 d6 7. Bd3 Nf6 8. 0-0 Be7 9. Re1 0-0 10. Nc3 Qa5 11. h3 Qh5 12. Be2 Qg6 13. Bd3 Qh5 14. Be2 Qa5 15. Bd2 Qc7 16. Bf4 e5 17. dxe5 dxe5 18. Bg5 Be6 19. Qc2 Rad8 20. Rad1 Rd7 21. Rxd7 Bxd7 22. Bxf6 Bxf6 23. Nd5 Qd6 24. Rd1 Rd8 25. Nb6 Qc7 26. Nd5 Qd6 27. Nb6 Qe7 28. Nd5 Qe6 29. Nc7 Qe7 30. Nd5 Qd6 1/2-1/2

[Event "Steyr Landesliga 1920"]
[Site "Austria"]
[Date "2020.02.08"]
[Round "8.6"]
[White "Neubauer, Anton"]
[Black "Thalmeier, Bernd"]
[Result "1/2-1/2"]
[WhiteElo "1851"]
[BlackElo "2013"]
[PlyCount "33"]
[EventDate "2019.09.28"]
[EventType "team-tourn"]
[EventRounds "11"]
[EventCountry "AUT"]
[SourceTitle "CBM 195 Extra"]
[Source "ChessBase"]
[SourceDate "2020.05.31"]
[SourceVersion "1"]
[SourceVersionDate "2020.05.31"]
[SourceQuality "1"]
[WhiteTeam "Graz Austria"]
[BlackTeam "Gamlitz"]
[WhiteTeamCountry "AUT"]
[BlackTeamCountry "AUT"]

1. e4 c5 2. Nf3 g6 3. c3 Bg7 4. d4 cxd4 5. cxd4 d5 6. e5 Nc6 7. Bb5 Bg4 8. h3 Bd7 9. Nc3 e6 10. 0-0 Nge7 11. Bg5 0-0 12. Qd2 f6 13. exf6 Bxf6 14. Bh6 Bg7 15. Bxg7 Kxg7 16. Rfe1 Nf5 17. Bxc6 1/2-1/2

[Event "Steyr Landesliga 1920"]
[Site "Austria"]
[Date "2019.10.05"]
[Round "2.7"]
[White "Neubauer, Anton"]
[Black "Taucher, Daniel"]
[Result "1/2-1/2"]
[WhiteElo "1851"]
[BlackElo "1858"]
[PlyCount "60"]
[EventDate "2019.09.28"]
[EventType "team-tourn"]
[EventRounds "11"]
[EventCountry "AUT"]
[SourceTitle "CBM 193 Extra"]
[Source "ChessBase"]
[SourceDate "2020.01.31"]
[SourceVersion "1"]
[SourceVersionDate "2020.01.31"]
[SourceQuality "1"]
[WhiteTeam "Graz Austria"]
[BlackTeam "Baernbach"]
[WhiteTeamCountry "AUT"]
[BlackTeamCountry "AUT"]

1. e4 d6 2. d4 g6 3. Nf3 Bg7 4. c3 Nf6 5. Bd3 Nbd7 6. 0-0 0-0 7. Re1 c6 8. h3 e5 9. Be3 Re8 10. Qc2 Nf8 11. Nbd2 Nh5 12. dxe5 dxe5 13. Rad1 Qc7 14. a4 Ne6 15. Nc4 Nef4 16. Bf1 Be6 17. Ng5 h6 18. Nxe6 Nxe6 19. g3 b6 20. b4 Rad8 21. Rd2 Rxd2 22. Qxd2 Rd8 23. Qc1 Kh7 24. Rd1 Rxd1 25. Qxd1 Bf8 26. Kg2 Nf6 27. f3 b5 28. Nb2 a6 29. Qb3 Kg7 30. h4 Nd7 1/2-1/2

[Event "AUT-ch Seniors 50"]
[Site "Deutschlandsberg"]
[Date "2019.04.28"]
[Round "1.2"]
[White "Steiner, Bruno"]
[Black "Neubauer, Anton"]
[Result "0-1"]
[WhiteElo "2188"]
[BlackElo "1886"]
[PlyCount "99"]
[EventDate "2019.04.28"]
[EventType "swiss"]
[EventRounds "7"]
[EventCountry "AUT"]
[SourceTitle "EXT 2024"]
[Source "ChessBase"]
[SourceDate "2023.10.10"]
[SourceVersion "1"]
[SourceVersionDate "2023.10.10"]
[SourceQuality "1"]

1. d4 d5 2. Nf3 Nf6 3. Bf4 Bg4 4. Nbd2 e6 5. h3 Bh5 6. e3 Bd6 7. Bxd6 Qxd6 8. c4 0-0 9. Qb3 Qb6 10. Qa3 Nc6 11. Rc1 Qb4 12. Qxb4 Nxb4 13. a3 Nc6 14. g4 Bg6 15. cxd5 exd5 16. Bb5 Na5 17. Rxc7 Rac8 18. Rxc8 Rxc8 19. 0-0 Rc2 20. g5 Ne4 21. Ba4 Rxb2 22. Nxe4 Bxe4 23. Ne5 h6 24. Be8 f6 25. gxf6 gxf6 26. Nd7 Kg7 27. Kh2 Rb1 28. Rxb1 Bxb1 29. Nc5 Kf8 30. Bh5 Ke7 31. Kg3 b6 32. Na6 Nc4 33. Bf3 Kd6 34. Nb4 Nd2 35. Be2 a5 36. Nd3 Nc4 37. a4 Bc2 38. Nf4 Bxa4 39. Nh5 Ke7 40. e4 Bc2 41. exd5 Nd6 42. Nf4 b5 43. Bd3 Bb3 44. Kh4 a4 45. Kh5 a3 46. Bb1 Nf7 47. Kg6 Bc2+ 48. Bxc2 a2 49. d6+ Kf8 50. Bb3 0-1

[Event "Wch Seniors 50 28th"]
[Site "Bled"]
[Date "2018.11.23"]
[Round "6"]
[White "Neubauer, Anton"]
[Black "Cmiel, Thorsten"]
[Result "0-1"]
[WhiteElo "1913"]
[BlackElo "2122"]
[PlyCount "72"]
[EventDate "2018.11.18"]
[EventType "swiss"]
[EventRounds "11"]
[EventCountry "SLO"]
[SourceTitle "CBM 187 Extra"]
[Source "ChessBase"]
[SourceDate "2018.11.04"]
[SourceVersion "1"]
[SourceVersionDate "2018.11.04"]
[SourceQuality "1"]

1. e4 c6 2. d4 d5 3. e5 c5 4. Nf3 Nc6 5. c4 cxd4 6. cxd5 Qxd5 7. Nc3 Qa5 8. Nxd4 Qxe5+ 9. Be3 Bd7 10. Nf3 Qa5 11. Bc4 Nf6 12. 0-0 e6 13. Bg5 Ne5 14. Nxe5 Qxe5 15. Bxf6 gxf6 16. Re1 Qc5 17. Qb3 Qb4 18. Nd5 Qxb3 19. Bxb3 0-0-0 20. Nxf6 Bc6 21. Nh5 Rd2 22. Rac1 Rxb2 23. Rc2 Rxc2 24. Bxc2 Bc5 25. Nf6 h6 26. Ne4 Be7 27. Ng3 Rd8 28. Nf1 Rd4 29. h3 a5 30. Ne3 Bb4 31. Rd1 Rxd1+ 32. Bxd1 b5 33. Ng4 a4 34. Ne5 Bd5 35. Nd3 Bd6 36. Nc1 Ba3 0-1

[Event "Wch Seniors 50 28th"]
[Site "Bled"]
[Date "2018.11.22"]
[Round "5"]
[White "Neubauer, Anton"]
[Black "Koehler, Gerhard"]
[Result "0-1"]
[WhiteElo "1913"]
[BlackElo "2197"]
[PlyCount "88"]
[EventDate "2018.11.18"]
[EventType "swiss"]
[EventRounds "11"]
[EventCountry "SLO"]
[SourceTitle "CBM 187 Extra"]
[Source "ChessBase"]
[SourceDate "2018.11.04"]
[SourceVersion "1"]
[SourceVersionDate "2018.11.04"]
[SourceQuality "1"]

1. e4 c5 2. Nf3 e6 3. c3 Nf6 4. e5 Nd5 5. Bc4 d6 6. d4 cxd4 7. cxd4 Nc6 8. 0-0 dxe5 9. dxe5 Be7 10. a3 0-0 11. Re1 Re8 12. Qe2 b6 13. Nbd2 Na5 14. Ba2 Bb7 15. Ne4 Qd7 16. Nfg5 h6 17. Nf3 b5 18. b4 Nc4 19. Bxc4 bxc4 20. Be3 Nxe3 21. Qxe3 Bd5 22. Nc3 Bf8 23. Rad1 a5 24. b5 a4 25. Nd2 Qb7 26. f3 Rec8 27. Nde4 Bxe4 28. Nxe4 Qxb5 29. Rb1 Qa5 30. Nd6 Rc6 31. Qe4 Qc5+ 32. Kf1 Bxd6 33. exd6 Qxd6 34. Red1 Qc7 35. Rb4 Rc8 36. Rxa4 c3 37. Rc1 Qxh2 38. Kf2 Qd6 39. Rc2 Qc5+ 40. Kg3 Qg5+ 41. Kf2 Qc5+ 42. Kg3 Rd6 43. f4 Rcd8 44. Rc4 Rd3+ 0-1

[Event "Wch Seniors 50 28th"]
[Site "Bled"]
[Date "2018.11.19"]
[Round "2"]
[White "Horackova, Isabela"]
[Black "Neubauer, Anton"]
[Result "0-1"]
[WhiteElo "1125"]
[BlackElo "1913"]
[PlyCount "51"]
[EventDate "2018.11.18"]
[EventType "swiss"]
[EventRounds "11"]
[EventCountry "SLO"]
[SourceTitle "CBM 187 Extra"]
[Source "ChessBase"]
[SourceDate "2018.11.04"]
[SourceVersion "1"]
[SourceVersionDate "2018.11.04"]
[SourceQuality "1"]

1. d4 d5 2. Bf4 Nf6 3. e3 c5 4. c3 Qb6 5. b3 Bf5 6. Nf3 e6 7. Be2 h6 8. h3 Nc6 9. 0-0 Be7 10. Nbd2 0-0 11. Re1 Rfe8 12. Qc1 Rac8 13. a4 a6 14. Rb1 cxd4 15. Rb2 dxc3 16. Qxc3 Bb4 17. Qc1 Ba3 18. Rd1 Nd4 19. Qa1 Bxb2 20. Qxb2 Nxe2+ 21. Kh1 Nxf4 22. Qe5 Ng6 23. Qg3 Qc7 24. Nh4 Qxg3 25. fxg3 Nxh4 26. gxh4 0-1

[Event "Pula op 32nd"]
[Site "Pula"]
[Date "2018.06.23"]
[Round "1"]
[White "Guid, Matej"]
[Black "Neubauer, Anton"]
[Result "1-0"]
[WhiteElo "2358"]
[BlackElo "1850"]
[PlyCount "67"]
[EventDate "2018.06.23"]
[EventType "swiss"]
[EventRounds "9"]
[EventCountry "CRO"]
[SourceTitle "EXT 2019"]
[Source "ChessBase"]
[SourceDate "2018.10.10"]
[SourceVersion "1"]
[SourceVersionDate "2018.10.10"]
[SourceQuality "1"]

1. e4 e6 2. d4 d5 3. Nd2 Nf6 4. e5 Nfd7 5. Bd3 c5 6. c3 cxd4 7. cxd4 Nc6 8. Ngf3 Be7 9. 0-0 0-0 10. Re1 f6 11. exf6 Nxf6 12. Nb3 Bd6 13. Bg5 Qc7 14. Rc1 Qf7 15. Bh4 Qh5 16. Bg3 Bxg3 17. fxg3 Re8 18. h3 e5 19. Nxe5 Nxe5 20. Qxh5 Nxh5 21. dxe5 Nxg3 22. Nd4 g6 23. e6 Nh5 24. Rc7 Nf4 25. Bb5 Nxe6 26. Nxe6 Rxe6 27. Rxc8+ Rxc8 28. Rxe6 Rc2 29. Re2 Rc5 30. Bd3 Rc7 31. Kf2 Kg7 32. Ke3 Kf6 33. Kd4 Rd7 34. Re5 1-0

[Event "Steyr Landesliga 1516"]
[Site "Austria"]
[Date "2015.11.28"]
[Round "5.7"]
[White "Meglitsch, Konstantin"]
[Black "Neubauer, Anton"]
[Result "0-1"]
[WhiteElo "2033"]
[BlackElo "1885"]
[PlyCount "100"]
[EventDate "2015.09.26"]
[EventType "team-tourn"]
[EventRounds "11"]
[EventCountry "AUT"]
[SourceTitle "CBM 170 Extra"]
[Source "ChessBase"]
[SourceDate "2016.02.25"]
[SourceVersion "1"]
[SourceVersionDate "2016.02.25"]
[SourceQuality "1"]
[WhiteTeam "Leibnitz Software"]
[BlackTeam "Graz Austria"]
[WhiteTeamCountry "AUT"]
[BlackTeamCountry "AUT"]

1. e4 e6 2. d4 d5 3. Nd2 Nf6 4. e5 Nfd7 5. f4 c5 6. c3 Nc6 7. Ndf3 cxd4 8. cxd4 Qb6 9. g3 Bb4+ 10. Kf2 g5 11. fxg5 Ndxe5 12. Kg2 Nxf3 13. Nxf3 Bf8 14. b3 Bg7 15. Bb2 Bd7 16. Bc3 a6 17. Qd2 Qc7 18. Rc1 Qd6 19. a4 a5 20. Bb5 b6 21. Rhe1 Rc8 22. Bb2 0-0 23. Bd3 Ne7 24. h4 Nf5 25. Qf2 Rxc1 26. Rxc1 Rc8 27. Rxc8+ Bxc8 28. g4 Ne7 29. Ne5 Bxe5 30. dxe5 Qb4 31. Bd4 Nc6 32. Bxh7+ Kxh7 33. Qxf7+ Kh8 34. Qh5+ Kg8 35. g6 Qe7 36. Be3 Qg7 37. Bf4 Ne7 38. Qg5 Nxg6 39. Kh3 Nxf4+ 40. Qxf4 Ba6 41. h5 Be2 42. g5 Bxh5 43. Kh4 Bg6 44. Qe3 Qh7+ 45. Kg3 Qc7 46. Qf4 Qc3+ 47. Kf2 Qc2+ 48. Kg1 Be4 49. Qg4 Kg7 50. Qh3 Qg2+ 0-1

[Event "Graz op-B"]
[Site "Graz"]
[Date "2015.02.15"]
[Round "3"]
[White "Sepetavc, Walter"]
[Black "Neubauer, Anton"]
[Result "1-0"]
[WhiteElo "1953"]
[BlackElo "1873"]
[PlyCount "59"]
[EventDate "2015.02.13"]
[EventType "swiss"]
[EventRounds "9"]
[EventCountry "AUT"]
[SourceTitle "CBM 165 Extra"]
[Source "ChessBase"]
[SourceDate "2015.04.21"]
[SourceVersion "1"]
[SourceVersionDate "2015.04.21"]
[SourceQuality "1"]

1. e4 e6 2. d4 d5 3. e5 c5 4. c3 Nc6 5. Nf3 Bd7 6. Be2 Na5 7. dxc5 Qc7 8. Be3 Ne7 9. b4 Nac6 10. Bd4 Ng6 11. 0-0 Be7 12. Na3 a6 13. b5 Ncxe5 14. Nxe5 Nxe5 15. b6 Qb8 16. c4 0-0 17. cxd5 exd5 18. Rc1 Bc6 19. Nc2 a5 20. Ne3 Nd7 21. Bf3 Bg5 22. Rc3 Nf6 23. Nf5 Bd7 24. Ne7+ Kh8 25. Nxd5 Nxd5 26. Bxd5 Bc6 27. Bxc6 bxc6 28. Rg3 Bh6 29. Qh5 Qf4 30. Be3 1-0

[Event "Graz Land-ch"]
[Site "Graz"]
[Date "2014.09.08"]
[Round "1"]
[White "Fahrner, Kurt"]
[Black "Neubauer, Anton"]
[Result "1-0"]
[WhiteElo "2306"]
[BlackElo "1850"]
[PlyCount "59"]
[EventDate "2014.09.08"]
[EventType "swiss"]
[EventRounds "7"]
[EventCountry "AUT"]
[SourceTitle "CBM 162 Extra"]
[Source "ChessBase"]
[SourceDate "2014.10.17"]
[SourceVersion "1"]
[SourceVersionDate "2014.10.17"]
[SourceQuality "1"]

1. g3 d5 2. Bg2 c6 3. d3 Nf6 4. Nd2 Bg4 5. h3 Bh5 6. g4 Bg6 7. f4 e6 8. e4 Nxe4 9. dxe4 Qh4+ 10. Kf1 Bc5 11. Qe1 Qxe1+ 12. Kxe1 f6 13. f5 exf5 14. exf5 Bf7 15. Nb3 Bd6 16. Ne2 Nd7 17. Bf4 Ne5 18. Kd2 0-0 19. Rae1 Rfe8 20. Kd1 a5 21. Nbd4 a4 22. Nf3 Nc4 23. Bxd6 Nxd6 24. Nd2 Re5 25. Nf4 Rae8 26. Nd3 Re3 27. Rxe3 Rxe3 28. Re1 Rg3 29. Re2 h5 30. Nf1 1-0

[Event "Steyr Landesliga 1314"]
[Site "Austria"]
[Date "2014.03.29"]
[Round "10.7"]
[White "Neubauer, Anton"]
[Black "Steiner, Peter"]
[Result "1/2-1/2"]
[WhiteElo "1851"]
[BlackElo "2014"]
[PlyCount "91"]
[EventDate "2013.09.28"]
[EventType "team-tourn"]
[EventRounds "11"]
[EventCountry "AUT"]
[SourceTitle "EXT 2015"]
[Source "ChessBase"]
[SourceDate "2014.11.20"]
[SourceVersion "1"]
[SourceVersionDate "2014.11.20"]
[SourceQuality "1"]
[WhiteTeam "Graz Austria"]
[BlackTeam "Pinggau Friedberg"]
[WhiteTeamCountry "AUT"]
[BlackTeamCountry "AUT"]

1. e4 c5 2. c3 d6 3. d4 Nf6 4. dxc5 dxc5 5. Qxd8+ Kxd8 6. Bc4 e6 7. e5 Nfd7 8. Bf4 Nc6 9. Nf3 a6 10. a4 h6 11. h4 g6 12. 0-0 Bg7 13. Re1 Ke7 14. Nbd2 Rd8 15. Rad1 Rb8 16. Bf1 b5 17. axb5 axb5 18. Nb3 Rb7 19. Ra1 c4 20. Na5 Nxa5 21. Rxa5 Nc5 22. Nd4 Bd7 23. Bxc4 bxc4 24. Rxc5 Rxb2 25. Rxc4 Rc8 26. Rxc8 Bxc8 27. c4 Bb7 28. Rc1 Be4 29. Ra1 Rb1+ 30. Rxb1 Bxb1 31. c5 Bd3 32. f3 Kd7 33. g4 Bf8 34. c6+ Kc7 35. Be3 Bc4 36. Kf2 h5 37. gxh5 gxh5 38. Kg3 Be7 39. f4 Bb4 40. f5 exf5 41. Nxf5 Kxc6 42. Kf4 Kd5 43. Ng3 Be1 44. Nxh5 Bxh4 45. Nf6+ Ke6 46. Ne4 1/2-1/2

[Event "Graz Casino op-B"]
[Site "Graz"]
[Date "2014.02.19"]
[Round "7"]
[White "Neubauer, Anton"]
[Black "Yarur Elsaca, Daniel"]
[Result "1-0"]
[WhiteElo "1859"]
[BlackElo "1607"]
[PlyCount "97"]
[EventDate "2014.02.14"]
[EventType "swiss"]
[EventRounds "9"]
[EventCountry "AUT"]
[SourceTitle "CBM 158 Extra"]
[Source "ChessBase"]
[SourceDate "2014.02.28"]
[SourceVersion "1"]
[SourceVersionDate "2014.02.28"]
[SourceQuality "1"]

1. e4 e5 2. Nf3 d6 3. Bc4 Nf6 4. d3 Be7 5. c3 0-0 6. 0-0 Nbd7 7. Re1 c6 8. Bb3 Nc5 9. Bc2 Bg4 10. Nbd2 Qc7 11. h3 Bh5 12. Nf1 d5 13. Ng3 Bxf3 14. Qxf3 dxe4 15. dxe4 Rad8 16. Nf5 Ne6 17. Be3 Rfe8 18. Rad1 Bf8 19. Bb3 Nc5 20. Bc2 Ne6 21. a3 c5 22. Ba4 Rxd1 23. Rxd1 Rd8 24. Re1 b5 25. Bxb5 Qb7 26. a4 Qxe4 27. Nh6+ gxh6 28. Qxf6 Bg7 29. Qe7 Bf8 30. Qxa7 c4 31. f3 Qg6 32. Bxc4 Bd6 33. Bxe6 Qxe6 34. Bc5 Bb8 35. Qe7 Qd5 36. b4 Qd2 37. Bf2 Kg7 38. Qc5 Rd5 39. Qe3 Qa2 40. a5 f6 41. Qb6 Rd2 42. Rf1 Bd6 43. a6 e4 44. fxe4 Bg3 45. a7 Rxf2 46. Rxf2 Qa1+ 47. Rf1 Bh2+ 48. Kxh2 Qxf1 49. Qc7+ 1-0

[Event "Graz Casino op-B"]
[Site "Graz"]
[Date "2014.02.16"]
[Round "4"]
[White "Injac, Teodora"]
[Black "Neubauer, Anton"]
[Result "1/2-1/2"]
[WhiteElo "1851"]
[BlackElo "1859"]
[PlyCount "43"]
[EventDate "2014.02.14"]
[EventType "swiss"]
[EventRounds "9"]
[EventCountry "AUT"]
[SourceTitle "CBM 158 Extra"]
[Source "ChessBase"]
[SourceDate "2014.02.28"]
[SourceVersion "1"]
[SourceVersionDate "2014.02.28"]
[SourceQuality "1"]

1. d4 d5 2. c4 e6 3. Nf3 Be7 4. Nc3 c6 5. e4 dxe4 6. Nxe4 Nf6 7. Bd3 Nbd7 8. 0-0 0-0 9. b3 b6 10. Bb2 Bb7 11. Nxf6+ Nxf6 12. Qe2 Qc7 13. Rad1 Rad8 14. Bb1 Rfe8 15. Qc2 g6 16. Qc3 Bf8 17. Qc1 Bg7 18. Qg5 Qe7 19. Rfe1 Nd7 20. Qxe7 Rxe7 21. Ne5 Nxe5 22. dxe5 1/2-1/2